The evolving QS (Record no. 79874)

MARC details
000 -LEADER
fixed length control field 00920cab a22002055a 4500
001 - CONTROL NUMBER
control field L142625
008 - FIXED-LENGTH DATA ELEMENTS--GENERAL INFORMATION
fixed length control field 080226e20080215xxk f 000 0 eng d
035 ## - SYSTEM CONTROL NUMBER
System control number (Sirsi) u142625
041 0# - LANGUAGE CODE
Language code of text/sound track or separate title eng
100 1# - MAIN ENTRY--PERSONAL NAME
Personal name Schaps, Karolin
245 04 - TITLE STATEMENT
Title The evolving QS
260 ## - PUBLICATION, DISTRIBUTION, ETC.
Date of publication, distribution, etc. 2008
490 #0 - SERIES STATEMENT
Series statement Building
Volume/sequential designation 273(8516) 15 February 2008, 30-32(3)
520 ## - SUMMARY, ETC.
Summary, etc. Looks at how QS firms are adapting to ensure their survival. Many firms that were initially QS practices, have expanded into project and programme management and need to re-evaluate their business strategies. Options for such firms include international expansion, diversification (covering a breadth of sectors), and flotation. Discusses which QS firms have pursued the different strategies, and whether they have been successful.
590 ## - LOCAL NOTE (RLIN)
Local note KA
651 #4 - SUBJECT ADDED ENTRY--GEOGRAPHIC NAME
Geographic name United Kingdom
Chronological subdivision
690 ## - LOCAL SUBJECT ADDED ENTRY--TOPICAL TERM (OCLC, RLIN)
Topical term or geographic name as entry element Quantity surveying
9 (RLIN) 6263
700 1# - ADDED ENTRY--PERSONAL NAME
Personal name Goodman, Eleanor
942 ## - ADDED ENTRY ELEMENTS (KOHA)
Suppress in OPAC 0
Holdings
Withdrawn status Lost status Source of classification or shelving scheme Damaged status Not for loan Home library Current library Shelving location Date acquired Total Checkouts Full call number Barcode Date last seen Copy number Price effective from Koha item type
    Dewey Decimal Classification     London London Journal article 26/02/2008   L142625 142625-1001 06/08/2019 1 06/08/2019 Journal article